000 00499nam a22002057a 4500
005 20160120140108.0
008 160120b xxu||||| |||| 00| 0 eng d
040 _aLoreto College
041 _aEnglish
082 _a330
_bPIG
100 _aPigou, A C
_q A C Pigou
245 _aThe economics of welfare
_c A C Pigou
250 _a4th ed.
260 _aLondon
_bMacmilan
_c1932
300 _axxxi, 835p.
504 _aInclude inddex
650 _aEconomics
850 _aLCLIB
942 _cBK
999 _c40423
_d90902